[Event "Thüringenliga 2024/25"]
[Site "?"]
[Date "2024.09.15"]
[Round "1.8"]
[White "Piontek, Michael"]
[Black "Loose, Helmut"]
[Result "1-0"]
[WhiteElo "1801"]
[BlackElo "1585"]
[PlyCount "48"]
[EventDate "2024.09.15"]
[EventType "team-tourn"]
[EventRounds "9"]
[WhiteTeam "VfL 1990 Gera"]
[BlackTeam "ESV Lok Sömmerda"]

1. d4 Nf6 2. c4 e6 3. Nc3 Bb4 4. Nf3 O-O 5. Bg5 h6 6. Bh4 g5 7. Bg3 Ne4 8. Qc2 f5 9. e3 b6 10. Bd3 Bb7 11. a3 Bxc3+ 12. bxc3 Nxg3 13. hxg3 Qf6 14. O-O-O g4 15. Nh4 Kg7 16. f3 h5 17. e4 Qh6+ 18. Kb2 fxe4 19. Bxe4 d5 20. cxd5 Bxd5 21. Bxd5 c6 22. Ba2 Nd7 23. fxg4 Rf6 24. Nf3 Rh8 1-0

[Event "Thüringenliga 2024/25"]
[Site "?"]
[Date "2024.09.15"]
[Round "1.1"]
[White "Franke, Luca"]
[Black "Hoffmann, Tim"]
[Result "1-0"]
[WhiteElo "2036"]
[BlackElo "2139"]
[PlyCount "47"]
[EventDate "2024.09.15"]
[EventType "team-tourn"]
[EventRounds "9"]
[WhiteTeam "SV 1861 Liebschwitz"]
[BlackTeam "ESV Gera"]

1. e4 c5 2. Nf3 d6 3. d4 cxd4 4. Nxd4 Nf6 5. Nc3 a6 6. Bg5 Nbd7 7. f4 Qc7 8. Qf3 h6 9. Bh4 g6 10. O-O-O Bg7 11. Bd3 b5 12. e5 Bb7 13. exf6 Bxf3 14. fxg7 Rg8 15. Nxf3 g5 16. fxg5 Qc5 17. Rhe1 O-O-O 18. gxh6 Qh5 19. Bg5 f6 20. Be3 e5 21. g4 Qxg4 22. Be4 b4 23. Nd5 Nc5 24. Bf5+ 1-0

[Event "Thüringenliga 2024/25"]
[Site "?"]
[Date "2024.09.15"]
[Round "1.2"]
[White "Liebold, Aaron"]
[Black "Hermannsdörfer, Frank"]
[Result "0-1"]
[WhiteElo "2079"]
[BlackElo "2091"]
[PlyCount "78"]
[EventDate "2024.09.15"]
[EventType "team-tourn"]
[EventRounds "9"]
[WhiteTeam "ESV Gera"]
[BlackTeam "SV 1861 Liebschwitz"]

1. e4 c5 2. Nf3 e6 3. d4 cxd4 4. Nxd4 Nf6 5. Nc3 Nc6 6. Ndb5 Bc5 7. Nd6+ Ke7 8. Nxc8+ Rxc8 9. Bd3 a6 10. O-O b5 11. Re1 Qb6 12. Be3 Ne5 13. h3 h5 14. a4 Bxe3 15. Rxe3 b4 16. a5 Qc7 17. Na2 Nc4 18. Bxc4 Qxc4 19. c3 bxc3 20. Nxc3 d6 21. Ra4 Qc7 22. Qe2 Nd7 23. Rg3 g6 24. Qd2 h4 25. Qg5+ Kf8 26. Rg4 Qd8 27. Qd2 Ne5 28. Rd4 Nxg4 29. Rxd6 Qxa5 30. hxg4 h3 31. gxh3 Rxh3 32. Qf4 Rd8 33. Kg2 Rh4 34. Rc6 Qa1 35. Qf6 Qh1+ 36. Kg3 Qh3+ 37. Kf4 Rxg4+ 38. Ke5 Qh5+ 39. Qg5 Qxg5# 0-1

[Event "Thüringenliga 2024/25"]
[Site "?"]
[Date "2024.09.15"]
[Round "1.3"]
[White "Kitzig, Tobias"]
[Black "Helmsdorf, Marius"]
[Result "0-1"]
[WhiteElo "1867"]
[BlackElo "2000"]
[PlyCount "160"]
[EventDate "2024.09.15"]
[EventType "team-tourn"]
[EventRounds "9"]
[WhiteTeam "SV 1861 Liebschwitz"]
[BlackTeam "ESV Gera"]

1. d4 d5 2. Bf4 Nf6 3. e3 c5 4. c3 e6 5. Nd2 Bd6 6. Bxd6 Qxd6 7. Bd3 e5 8. dxe5 Qxe5 9. Ngf3 Qc7 10. c4 dxc4 11. Bxc4 O-O 12. h3 a6 13. a4 Nc6 14. O-O b6 15. Qe2 Bb7 16. Rfd1 Rfe8 17. Rac1 Nb4 18. Nb1 Rad8 19. Nc3 h6 20. Na2 Nxa2 21. Bxa2 Nd5 22. Bxd5 Bxd5 23. Qxa6 Ra8 24. Qd3 Bxf3 25. gxf3 Qc6 26. Qd5 Qxd5 27. Rxd5 Rxa4 28. Rd6 Rb4 29. Rc2 Ra8 30. f4 Ra1+ 31. Kg2 Ra2 32. Rd8+ Kh7 33. Rdd2 c4 34. Kf3 b5 35. h4 h5 36. Ke2 Rb3 37. Kf3 f6 38. Ke4 Ra1 39. Rd5 Rb1 40. Rdd2 Kg6 41. f5+ Kh7 42. f3 Rh1 43. Rh2 Ra1 44. Rhe2 Ra7 45. Rcd2 Re7+ 46. Kf4 Rc7 47. Ke4 Rb4 48. Rd4 Ra4 49. Rc2 Ra2 50. Rd5 Rb7 51. Kd4 Ra1 52. Kc5 Re1 53. Kc6 Rb8 54. Rxb5 Rxb5 55. Kxb5 Rxe3 56. Kxc4 Rxf3 57. b4 Rf4+ 58. Kc5 Rxf5+ 59. Kc6 Rf4 60. b5 Rxh4 61. b6 Rb4 62. b7 g5 63. Kc7 h4 64. b8=Q Rxb8 65. Kxb8 h3 66. Kc7 g4 67. Kd6 g3 68. Rc3 h2 69. Rxg3 h1=Q 70. Rd3 Qe4 71. Rd5 f5 72. Kc5 f4 73. Rd4 Qe3 74. Kc4 f3 75. Rd3 Qe4+ 76. Kc3 f2 77. Rd7+ Kg6 78. Kb2 Qb4+ 79. Kc1 f1=Q+ 80. Rd1 Qc3+ 0-1

[Event "Thüringenliga 2024/25"]
[Site "?"]
[Date "2024.09.15"]
[Round "1.4"]
[White "Puschendorf, Steffen"]
[Black "Zeidler, Andreas"]
[Result "1/2-1/2"]
[WhiteElo "2012"]
[BlackElo "1996"]
[PlyCount "91"]
[EventDate "2024.09.15"]
[EventType "team-tourn"]
[EventRounds "9"]
[WhiteTeam "ESV Gera"]
[BlackTeam "SV 1861 Liebschwitz"]

1. d4 d5 2. c4 e6 3. Nf3 Be7 4. g3 c6 5. Qc2 f5 6. Bg2 Nf6 7. O-O O-O 8. b3 Ne4 9. Bb2 Bd7 10. Ne5 Be8 11. f3 Nd6 12. Nd2 Nd7 13. Nd3 Bg5 14. Nf4 Bxf4 15. gxf4 Nf6 16. e3 Nh5 17. Ba3 Rf6 18. Rf2 Rg6 19. Qc3 a5 20. Rc1 Nf6 21. Nf1 h5 22. Kh1 h4 23. Nd2 Nh5 24. Nf1 h3 25. Bxh3 Qh4 26. Qd2 Qxh3 27. Bxd6 Kf7 28. Qe2 a4 29. b4 Bd7 30. Rg2 Rh6 31. c5 Rah8 32. Rc2 Qh4 33. Qf2 Qd8 34. Qg1 g6 35. Rg5 Be8 36. a3 b5 37. Be5 R8h7 38. Ng3 Nxg3+ 39. Qxg3 Ke7 40. Rg2 Kd7 41. Kg1 Qe7 42. Qe1 Bf7 43. Bd6 Qe8 44. Be5 Rh3 45. R5g3 Qe7 46. Qf2 1/2-1/2

[Event "Thüringenliga 2024/25"]
[Site "?"]
[Date "2024.09.15"]
[Round "1.6"]
[White "Schulter, Moritz"]
[Black "Kastner, Peter"]
[Result "1/2-1/2"]
[WhiteElo "1637"]
[BlackElo "1954"]
[PlyCount "35"]
[EventDate "2024.09.15"]
[EventType "team-tourn"]
[EventRounds "9"]
[WhiteTeam "ESV Gera"]
[BlackTeam "SV 1861 Liebschwitz"]

1. c4 Nf6 2. g3 e6 3. Bg2 d5 4. Nf3 Be7 5. O-O O-O 6. d4 Nbd7 7. Nbd2 b6 8. b3 Bb7 9. Bb2 Rc8 10. Rc1 c5 11. Re1 Re8 12. Qc2 dxc4 13. bxc4 cxd4 14. Bxd4 Ba3 15. Bb2 Bxb2 16. Qxb2 Nc5 17. Nb3 Qc7 18. Qe5 1/2-1/2

[Event "Thüringenliga 2024/25"]
[Site "?"]
[Date "2024.09.15"]
[Round "1.7"]
[White "Meissner, Steffen"]
[Black "Hanmuradov, Ülwi"]
[Result "1/2-1/2"]
[WhiteElo "1784"]
[BlackElo "1681"]
[PlyCount "45"]
[EventDate "2024.09.15"]
[EventType "team-tourn"]
[EventRounds "9"]
[WhiteTeam "SV 1861 Liebschwitz"]
[BlackTeam "ESV Gera"]

1. e4 c5 2. Nf3 Nc6 3. d4 cxd4 4. Nxd4 Nf6 5. Nc3 e5 6. Ndb5 d6 7. Bg5 a6 8. Na3 b5 9. Nd5 Be7 10. Bxf6 Bxf6 11. c3 O-O 12. Nc2 Bg5 13. Nce3 g6 14. a4 bxa4 15. Rxa4 a5 16. Bd3 Rb8 17. Qe2 Be6 18. O-O h5 19. Kh1 Bxe3 20. Nxe3 Bb3 21. Ra3 Qb6 22. Rb1 Be6 23. h3 1/2-1/2

[Event "Thüringenliga 2024/25"]
[Site "?"]
[Date "2024.09.15"]
[Round "1.8"]
[White "Barz, Henrik"]
[Black "Müller, Gunther"]
[Result "1-0"]
[WhiteElo "1794"]
[BlackElo "1724"]
[PlyCount "41"]
[EventDate "2024.09.15"]
[EventType "team-tourn"]
[EventRounds "9"]
[WhiteTeam "ESV Gera"]
[BlackTeam "SV 1861 Liebschwitz"]

1. e4 c5 2. Nf3 Nc6 3. d4 cxd4 4. Nxd4 Nf6 5. Nc3 d6 6. f3 a6 7. Be3 Qc7 8. Qd2 e6 9. Be2 Be7 10. g4 b5 11. Nxc6 Qxc6 12. Bd3 Nd7 13. a4 b4 14. Ne2 Ne5 15. Nd4 Bh4+ 16. Ke2 Qb7 17. g5 O-O 18. Rhg1 Bd7 19. f4 Ng6 20. Nf3 d5 21. exd5 1-0

[Event "Landesklasse Ost 2024/25"]
[Site "?"]
[Date "2024.09.15"]
[Round "1.1"]
[White "Sondermann, Johannes"]
[Black "Tobal, Elias"]
[Result "1/2-1/2"]
[WhiteElo "2019"]
[BlackElo "1955"]
[PlyCount "72"]
[EventDate "2024.09.15"]
[EventType "team-tourn"]
[EventRounds "9"]
[WhiteTeam "Meuselwitzer SV"]
[BlackTeam "SC Turm Erfurt"]

{[%evp 0,72,19,29,23,22,44,43,49,42,40,36,30,31,56,66,111,101,101,78,78,73,77,16,36,26,26,14,36,33,33,41,31,39,39,-8,158,155,576,591,591,0,0,0,0,0,104,104,115,36,37,0,46,53,43,1,108,90,146,70,114,119,119,102,180,180,180,171,171,176,183,88,84,0,49]} 1. d4 Nf6 2. Nf3 c5 3. d5 e6 4. Nc3 Nxd5 5. Nxd5 exd5 6. Qxd5 Be7 7. Bf4 Qa5+ 8. c3 O-O 9. e4 d6 10. Bxd6 Be6 11. Qd2 Rd8 12. e5 Nc6 13. Qf4 Qb6 14. O-O-O Bxa2 15. Bc4 Bxc4 16. Qxc4 Na5 17. Qf4 Qb3 18. Bxe7 Nc4 19. Rxd8+ Rxd8 20. Qxc4 Qxc4 21. Bxd8 Qf4+ 22. Nd2 Qxe5 23. Bh4 f5 24. Bg3 f4 25. Nf3 Qf5 26. Bh4 h6 27. Be7 a5 28. Re1 a4 29. h3 Qg6 30. Bxc5 Qxg2 31. Re8+ Kf7 32. Rf8+ Ke6 33. Rxf4 Qxh3 34. Nd4+ Kd5 35. Rf5+ Kc4 36. Kc2 h5 1/2-1/2

[Event "Landesklasse Ost 2024/25"]
[Site "?"]
[Date "2024.09.15"]
[Round "1.3"]
[White "Barth, Jürgen"]
[Black "Strohner, Maximilian"]
[Result "1/2-1/2"]
[WhiteElo "1839"]
[BlackElo "1688"]
[PlyCount "82"]
[EventDate "2024.09.15"]
[EventType "team-tourn"]
[EventRounds "9"]
[WhiteTeam "Meuselwitzer SV"]
[BlackTeam "SC Turm Erfurt"]

{[%evp 0,82,29,14,86,89,64,42,74,50,43,-16,41,40,25,-13,-13,14,14,11,2,-3,4,0,1,-34,-31,-70,-42,-42,-43,-45,-51,-38,-1,-37,-19,-70,-9,-11,1,-127,-12,-50,-65,-32,-48,-81,-76,-76,-64,-69,-90,-85,-69,-68,-47,-79,-50,-85,-1,10,19,-32,17,-7,38,-21,-12,-47,-30,-58,-44,-48,-28,-41,-56,-46,-12,-56,14,-25,-26,-44,-33]} 1. e4 g6 2. d4 Bg7 3. Bc4 d6 4. Ne2 Nc6 5. c3 e5 6. O-O Nf6 7. Bg5 h6 8. Bxf6 Qxf6 9. d5 Ne7 10. Na3 a6 11. Bd3 O-O 12. c4 Qg5 13. b4 f5 14. Qc1 Qh4 15. f3 Bf6 16. Qe1 Qh5 17. Nc2 f4 18. Qf2 g5 19. h3 Qg6 20. g4 h5 21. Kg2 Kg7 22. Rh1 Rh8 23. Rh2 Rh6 24. Rah1 Bd7 25. Nc3 Rah8 26. Kf1 Qh7 27. Kg1 Ng6 28. Be2 Nh4 29. Ne1 hxg4 30. hxg4 Qg8 31. Ng2 Qh7 32. Nxh4 gxh4 33. Rh3 Qg8 34. Kh2 Kf7 35. Rg1 Bg5 36. a3 Qa8 37. Kg2 a5 38. b5 Rc8 39. a4 c6 40. Rb1 c5 41. Qe1 b6 1/2-1/2

[Event "Landesklasse Ost 2024/25"]
[Site "?"]
[Date "2024.09.15"]
[Round "1.4"]
[White "Stöcklein, Paul"]
[Black "Sniegowski, Richard"]
[Result "1/2-1/2"]
[WhiteElo "1634"]
[BlackElo "1718"]
[PlyCount "58"]
[EventDate "2024.09.15"]
[EventType "team-tourn"]
[EventRounds "9"]
[WhiteTeam "SC Turm Erfurt"]
[BlackTeam "Meuselwitzer SV"]

{[%evp 0,58,29,14,84,58,58,58,58,12,3,12,14,31,44,-38,-4,-4,-5,-33,-24,-38,-50,-33,-42,-63,-71,-69,-10,-16,-14,-15,-17,-20,0,-22,15,4,44,41,49,39,43,51,40,-64,40,40,136,70,87,39,29,26,48,42,54,47,47,49,51]} 1. e4 c6 2. d4 d5 3. exd5 cxd5 4. c4 Nf6 5. Nc3 Nc6 6. Nf3 Bg4 7. c5 Bxf3 8. gxf3 e6 9. Bg5 Be7 10. Rg1 Nd7 11. Bf4 a6 12. Qd2 Bf6 13. Ne2 Qa5 14. Qxa5 Nxa5 15. O-O-O Nc6 16. Bd6 Rc8 17. Kb1 Nf8 18. Bh3 Ng6 19. f4 Nh4 20. Rg3 g6 21. Rb3 Na5 22. Ra3 Nc6 23. Rb3 Nd8 24. Nc3 Nf5 25. Be5 Bxe5 26. fxe5 Rc7 27. Bxf5 gxf5 28. Ne2 Rg8 29. Rg3 Kf8 1/2-1/2

[Event "Landesklasse Ost 2024/25"]
[Site "?"]
[Date "2024.09.15"]
[Round "1.5"]
[White "Große, Frank"]
[Black "Boroshnev, Dmytro"]
[Result "1/2-1/2"]
[WhiteElo "1746"]
[BlackElo "1670"]
[PlyCount "60"]
[EventDate "2024.09.15"]
[EventType "team-tourn"]
[EventRounds "9"]
[WhiteTeam "Meuselwitzer SV"]
[BlackTeam "SC Turm Erfurt"]

{[%evp 0,60,29,14,60,23,33,13,12,-2,2,11,5,4,42,6,16,17,76,64,58,51,68,17,69,47,66,16,20,16,27,0,0,35,133,112,112,13,42,50,61,10,29,-9,-16,-10,-8,-22,0,-38,-21,-16,-18,-25,-19,-45,-52,-56,-33,-35,-40,-37,-56]} 1. e4 e6 2. d4 d5 3. e5 c5 4. c3 Nc6 5. Nf3 Qb6 6. Bd3 Nge7 7. O-O cxd4 8. cxd4 Nb4 9. Be2 Nf5 10. Nc3 Bd7 11. Be3 f6 12. Qd2 Kf7 13. Rfd1 Rc8 14. Rac1 Be7 15. a3 Nc6 16. b4 Nb8 17. Bd3 Nxe3 18. fxe3 f5 19. Rf1 g6 20. Qe2 a5 21. Na2 Rxc1 22. Rxc1 axb4 23. axb4 Kg7 24. Kf2 Rc8 25. Rxc8 Bxc8 26. b5 Qc7 27. Qb2 Nd7 28. Nc3 Nb6 29. Nd2 Bd7 30. Qb3 Qb8 1/2-1/2

[Event "Landesklasse Ost 2024/25"]
[Site "?"]
[Date "2024.09.15"]
[Round "1.6"]
[White "Müller, Winfried"]
[Black "Schmidt, Jörg"]
[Result "1/2-1/2"]
[WhiteElo "1595"]
[BlackElo "1702"]
[PlyCount "131"]
[EventDate "2024.09.15"]
[EventType "team-tourn"]
[EventRounds "9"]
[WhiteTeam "SC Turm Erfurt"]
[BlackTeam "Meuselwitzer SV"]

{[%evp 0,131,29,31,50,72,63,23,42,40,53,68,53,39,65,35,37,11,48,55,50,38,51,51,78,78,73,65,138,63,33,34,44,28,5,-7,27,23,-20,-26,-19,-22,-22,-44,-32,-68,-61,-66,-64,-60,-66,-64,-64,-139,-98,-101,-42,-46,-45,-45,-39,-39,-35,-40,-32,-60,-70,-72,-76,-70,-65,-69,-69,-57,-52,-150,-149,-152,-161,-156,-147,-148,-142,-139,-140,-136,-136,-136,-145,-144,-137,-140,-132,-133,-138,-138,-138,-138,-138,-138,-138,-160,-138,-138,-138,-137,-138,-145,-144,-144,-145,-144,-144,-144,-144,-144,-144,-144,-144,-144,-144,-144,-144,-144,-144,-144,-144,-144,-143,-133,-22,-22,-25,-22]} 1. e4 c5 2. Nf3 e6 3. d4 cxd4 4. Nxd4 Bc5 5. Nb3 Bb6 6. Nc3 Ne7 7. Be2 O-O 8. O-O a6 9. Qd3 Nbc6 10. a3 Ne5 11. Qg3 N7g6 12. Be3 Bxe3 13. Qxe3 Qc7 14. Qg3 b5 15. Nd4 Qb6 16. Nf3 d6 17. h4 Nxf3+ 18. gxf3 Qc5 19. f4 e5 20. f5 Nf4 21. Bg4 f6 22. Rac1 Bb7 23. Qe3 Rac8 24. Rfd1 Rfd8 25. Qxc5 dxc5 26. Kf1 Rd4 27. Bf3 Rcd8 28. Rxd4 Rxd4 29. Rd1 Rxd1+ 30. Nxd1 g6 31. fxg6 hxg6 32. Ne3 f5 33. Bh1 Kf7 34. f3 Kf6 35. Kf2 Ke6 36. Ng2 fxe4 37. Nxf4+ exf4 38. fxe4 Ke5 39. Bf3 Bxe4 40. Bd1 a5 41. c3 b4 42. axb4 axb4 43. Ba4 Kf6 44. Bd7 Bf5 45. Bc6 Bg4 46. Ba4 Kg7 47. Be8 Kh6 48. Bf7 Kh5 49. Be8 Bd1 50. Bf7 Kxh4 51. Bxg6 Kg5 52. Be4 Kf6 53. Bc6 Ke5 54. Bb7 Bb3 55. Bf3 Bd5 56. Bh5 Bb3 57. Be2 Ke4 58. Bb5 Bc2 59. Ba6 Bd1 60. Bb5 Bg4 61. Ba6 Be6 62. Be2 Bb3 63. Ba6 bxc3 64. bxc3 c4 65. Bb7+ Ke5 66. Ba6 1/2-1/2

[Event "Landesklasse Ost 2024/25"]
[Site "?"]
[Date "2024.09.15"]
[Round "1.7"]
[White "Scheiding, Sophia"]
[Black "Grüner, Nico"]
[Result "0-1"]
[WhiteElo "1583"]
[BlackElo "1565"]
[PlyCount "108"]
[EventDate "2024.09.15"]
[EventType "team-tourn"]
[EventRounds "9"]
[WhiteTeam "Meuselwitzer SV"]
[BlackTeam "SC Turm Erfurt"]

{[%evp 0,108,29,31,63,6,11,-2,35,43,114,103,119,70,35,-4,31,29,58,49,30,30,30,0,5,0,1,-12,20,18,14,-1,38,-61,0,42,28,45,47,47,32,21,32,56,39,-9,13,-34,-32,-30,-38,-29,-30,-20,-19,-31,-31,-42,-27,-27,-29,-28,-15,-16,21,-24,-27,-96,-91,-91,-91,-94,-79,-79,-85,-80,-56,-84,-70,-72,-73,-120,-194,-136,-201,-209,-73,-202,-235,-305,-331,-361,-375,-381,-402,-497,-517,-656,-585,-661,-608,-608,-357,-583,-325,-304,-336,-467,-505,-533,-533]} 1. e4 c5 2. c3 Nc6 3. Nf3 g6 4. d4 cxd4 5. cxd4 d5 6. e5 Bg7 7. Bd3 e6 8. O-O Nge7 9. Nc3 O-O 10. Re1 Bd7 11. Bc2 Rc8 12. a3 a6 13. Bd2 b5 14. Rc1 Qb6 15. Be3 Rc7 16. b4 Rfc8 17. Ne2 a5 18. Qd2 axb4 19. axb4 Ra7 20. Ra1 Rca8 21. Rxa7 Rxa7 22. Qc3 Ra2 23. Bd1 Nf5 24. Nc1 Ra6 25. Nd3 Nxe3 26. fxe3 Qa7 27. Nc5 Ra3 28. Qb2 Be8 29. Be2 Ne7 30. Bd3 Bh6 31. g4 Nc8 32. g5 Bf8 33. Bf1 Nb6 34. Qf2 Nc4 35. Nd2 Ra2 36. Re2 Ra1 37. Ndb3 Ra3 38. Qe1 Be7 39. h4 Ra2 40. Qf2 Rxe2 41. Qxe2 Qa3 42. Qe1 Qb2 43. Bxc4 dxc4 44. Qd2 Qb1+ 45. Qc1 Qf5 46. Nd2 Qg4+ 47. Kf2 Qxh4+ 48. Kf3 Bxg5 49. Nde4 Bc6 50. Qg1 h5 51. Qg2 Qg4+ 52. Qxg4 hxg4+ 53. Kxg4 Bxe3 54. Nf6+ Kg7 0-1

[Event "Landesklasse Ost 2024/25"]
[Site "?"]
[Date "2024.09.15"]
[Round "1.8"]
[White "Steinert, Gerrit"]
[Black "Schmidt, Jens"]
[Result "0-1"]
[WhiteElo "1424"]
[BlackElo "1721"]
[PlyCount "72"]
[EventDate "2024.09.15"]
[EventType "team-tourn"]
[EventRounds "9"]
[WhiteTeam "SC Turm Erfurt"]
[BlackTeam "Meuselwitzer SV"]

{[%evp 0,72,29,31,89,65,58,44,53,28,37,33,24,6,3,6,18,10,0,16,20,16,23,22,21,-22,-6,-25,3,-46,-10,-32,-20,-42,-25,-48,-43,-32,-19,-26,-12,-34,-43,-34,-21,-23,-28,-97,-84,-74,-80,-78,-83,-79,-36,-42,-23,-23,-42,-91,-89,-91,-87,-240,-238,-357,-361,-375,-369,-342,-298,-304,-271,-308,-287]} 1. e4 c6 2. d4 d5 3. Nc3 dxe4 4. Nxe4 Bf5 5. Nc3 e6 6. a3 Bd6 7. Nf3 h6 8. Be3 Nf6 9. Bd3 Bxd3 10. Qxd3 Nbd7 11. O-O O-O 12. b4 a6 13. Ne2 Qc7 14. Ng3 Rfe8 15. Rfe1 e5 16. Bd2 exd4 17. Nxd4 Ne5 18. Qb3 Ng6 19. Rad1 Rad8 20. Ndf5 Rxe1+ 21. Bxe1 Bxg3 22. Rxd8+ Qxd8 23. Nxg3 Qd1 24. Qc3 Nd5 25. Qd2 Qa1 26. c4 Nf6 27. Qc3 Qd1 28. f3 Nd7 29. Kf2 Nde5 30. Bd2 Qb1 31. Ke2 Qg1 32. Be3 Qxg2+ 33. Bf2 Qxh2 34. Qd4 Qg2 35. Qe4 Qh2 36. Qf5 Qh4 0-1

[Event "Landesklasse Ost 2024/25"]
[Site "?"]
[Date "2024.09.15"]
[Round "1.2"]
[White "Sauer, Marko"]
[Black "Klebe, Jan"]
[Result "1/2-1/2"]
[WhiteElo "1986"]
[BlackElo "2014"]
[PlyCount "24"]
[EventDate "2024.09.15"]
[EventType "team-tourn"]
[EventRounds "9"]
[WhiteTeam "SG Arnstadt-Stadtilm"]
[BlackTeam "SV Thuringia Königsee"]

{[%evp 0,24,19,23,22,-19,32,26,26,24,35,40,33,7,40,-17,-22,-1,11,-11,-11,-12,-14,-42,-41,-42,10]} 1. d4 Nf6 2. c4 g6 3. Nc3 Bg7 4. e4 d6 5. Be2 O-O 6. Be3 Na6 7. g4 c5 8. d5 e6 9. g5 Nh5 10. Bxh5 gxh5 11. Rc1 exd5 12. Nxd5 Bg4 1/2-1/2

[Event "Landesklasse Ost 2024/25"]
[Site "?"]
[Date "2024.09.15"]
[Round "1.4"]
[White "Kaiser, Markus"]
[Black "Möller, Frank"]
[Result "1-0"]
[WhiteElo "1688"]
[BlackElo "1856"]
[PlyCount "109"]
[EventDate "2024.09.15"]
[EventType "team-tourn"]
[EventRounds "9"]
[WhiteTeam "SG Arnstadt-Stadtilm"]
[BlackTeam "SV Thuringia Königsee"]

{[%evp 0,109,19,16,37,53,70,72,56,57,99,98,98,53,119,79,74,77,71,58,51,42,46,52,38,50,118,58,60,51,63,22,25,21,29,36,36,44,73,73,67,77,79,72,69,72,84,-43,138,151,136,158,164,154,174,146,185,202,215,172,236,176,185,198,198,195,190,187,206,186,205,173,235,226,292,300,300,236,267,271,276,268,281,254,301,300,341,339,357,378,383,391,399,332,341,270,285,296,317,319,317,384,428,428,431,439,537,671,702,699,738,738]} 1. e4 d5 2. exd5 Qxd5 3. Nc3 Qa5 4. d4 c6 5. Nf3 Nf6 6. Bd2 Qc7 7. Bd3 Bg4 8. h3 Bh5 9. g4 Bg6 10. Qe2 Bxd3 11. Qxd3 e6 12. g5 Nh5 13. O-O-O Nd7 14. Qe4 O-O-O 15. Ne5 Nxe5 16. dxe5 Bc5 17. Be3 Bxe3+ 18. Qxe3 b6 19. Ne4 g6 20. Nd6+ Kb8 21. Qf3 Rhf8 22. Rd3 c5 23. Rc3 Rxd6 24. exd6 Qxd6 25. Rd3 Qf4+ 26. Qe3 f6 27. gxf6 Rxf6 28. Rhd1 Rf7 29. Rd6 e5 30. Re6 Qxe3+ 31. fxe3 Ng3 32. Rxe5 Kc7 33. c3 Kc6 34. a4 Nf5 35. c4 a6 36. Re6+ Kc7 37. a5 bxa5 38. Rxa6 Kb7 39. Re6 a4 40. Rd5 Rc7 41. Rde5 Ka7 42. e4 Ne3 43. Re7 Rxe7 44. Rxe7+ Kb6 45. Rxh7 Nxc4 46. Rg7 Ne5 47. Re7 Nd3+ 48. Kc2 Nf4 49. h4 Ng2 50. Re6+ Kb5 51. Rxg6 Nxh4 52. Rg3 Kc4 53. Kd2 Kd4 54. Ke2 c4 55. Rg4 1-0

[Event "Landesklasse Ost 2024/25"]
[Site "?"]
[Date "2024.09.15"]
[Round "1.5"]
[White "Häusler, Willi"]
[Black "Grkinic, Domjan"]
[Result "1-0"]
[WhiteElo "1710"]
[BlackElo "1627"]
[PlyCount "71"]
[EventDate "2024.09.15"]
[EventType "team-tourn"]
[EventRounds "9"]
[WhiteTeam "SV Thuringia Königsee"]
[BlackTeam "SG Arnstadt-Stadtilm"]

{[%evp 0,71,19,16,16,4,31,-7,39,0,0,0,0,0,-8,0,25,5,11,-16,66,63,63,49,80,25,34,-102,-81,-117,-73,-106,-127,-116,-59,-84,-73,-103,-36,-27,-5,-37,-5,-54,-54,-81,-81,-76,-88,-255,-49,0,152,93,115,67,290,251,251,268,268,268,268,0,147,147,147,-92,29985,1751,1554,1573,29979,1648]} 1. e4 e5 2. Nf3 Nc6 3. Bb5 f5 4. exf5 e4 5. Qe2 Qe7 6. Bxc6 bxc6 7. Nd4 Qe5 8. Nb3 Nf6 9. g4 a5 10. d4 Qe7 11. c4 a4 12. Nc5 d6 13. g5 dxc5 14. gxf6 gxf6 15. dxc5 Bxf5 16. Nc3 Kf7 17. Be3 a3 18. b3 Bg6 19. O-O-O Bg7 20. h4 h5 21. Rhg1 Rad8 22. Bd4 Rxd4 23. Rxd4 f5 24. Qd2 Bh6 25. Rg5 Qe5 26. Rd7+ Kf6 27. Kc2 Bf7 28. Rxf7+ Kxf7 29. Qd7+ Kf6 30. Qxc6+ Ke7 31. Nd5+ Kd8 32. Qa8+ Kd7 33. c6+ Kd6 34. Qxa3+ Kxc6 35. Rg6+ Kd7 36. Nf6+ 1-0

[Event "Landesklasse Ost 2024/25"]
[Site "?"]
[Date "2024.09.15"]
[Round "1.7"]
[White "Margraf, Moritz"]
[Black "Degel, Steven"]
[Result "1/2-1/2"]
[WhiteElo "1522"]
[BlackElo "1590"]
[PlyCount "69"]
[EventDate "2024.09.15"]
[EventType "team-tourn"]
[EventRounds "9"]
[WhiteTeam "SV Thuringia Königsee"]
[BlackTeam "SG Arnstadt-Stadtilm"]

{[%evp 0,69,22,23,22,29,17,19,40,10,8,-2,25,-1,25,12,12,6,37,37,8,24,46,18,44,1,13,23,36,14,14,3,46,24,21,5,34,26,95,87,89,89,90,90,91,94,112,107,192,90,89,93,106,91,113,108,118,118,122,125,125,93,155,133,129,133,133,133,169,161,189,142]} 1. d4 Nf6 2. Nf3 e6 3. e3 c5 4. Bd3 d5 5. b3 Qc7 6. Nbd2 Bd7 7. Bb2 Nc6 8. a3 a6 9. O-O cxd4 10. exd4 Qf4 11. Qe2 Bd6 12. Qe3 Qxe3 13. fxe3 b5 14. b4 O-O 15. Nb3 Ng4 16. Rfe1 f5 17. Nc5 Bxc5 18. bxc5 b4 19. h3 Nf6 20. axb4 Nxb4 21. Ne5 Bb5 22. Rec1 Nxd3 23. cxd3 Nh5 24. Bc3 f4 25. Re1 g5 26. Ba5 fxe3 27. Rxe3 Rf4 28. Bc3 Ng7 29. g3 Rf5 30. Ng4 Kf8 31. Nh6 Rf6 32. Ng4 Rf7 33. Ne5 Rf5 34. Bb4 Ke8 35. Ba5 1/2-1/2

[Event "Landesklasse Ost 2024/25"]
[Site "?"]
[Date "2024.09.15"]
[Round "1.1"]
[White "Besancon, Pascal"]
[Black "Albrecht, Jürgen"]
[Result "1/2-1/2"]
[WhiteElo "1859"]
[BlackElo "1965"]
[PlyCount "52"]
[EventDate "2024.09.15"]
[EventType "team-tourn"]
[EventRounds "9"]
[WhiteTeam "Schachklub Weida"]
[BlackTeam "SSV Vimaria 91 Weimar 2"]

{[%evp 0,52,20,20,59,52,40,22,22,35,-3,23,26,51,42,43,43,40,63,51,43,40,29,42,74,34,21,20,24,0,31,11,17,25,23,9,13,-69,-15,-52,-33,-33,-39,-39,-13,-46,13,35,10,16,10,-74,-74,-96,-90]} 1. e4 c5 2. Nf3 Nc6 3. d4 cxd4 4. Nxd4 Nf6 5. Nc3 e5 6. Ndb5 d6 7. Nd5 Nxd5 8. exd5 Nb8 9. c4 Be7 10. Be2 O-O 11. O-O f5 12. f4 a6 13. Nc3 Nd7 14. Be3 Bf6 15. Rc1 exf4 16. Bxf4 Ne5 17. Qd2 Bd7 18. b4 Rc8 19. Nb1 g5 20. Be3 f4 21. Bd4 Bf5 22. Na3 Nd3 23. Bxf6 Qxf6 24. Bxd3 Qd4+ 25. Kh1 Qxd3 26. Qxd3 Bxd3 1/2-1/2